| 000 | 00448nam a2200181Ia 4500 | ||
|---|---|---|---|
| 003 | OSt | ||
| 005 | 20260307114742.0 | ||
| 008 | 250729s1900 xx 000 0 und d | ||
| 040 | _cAL | ||
| 041 | _akan | ||
| 082 | _a340.5 DISD | ||
| 100 |
_aJilla Sankya Sangrahanadikari _9229975 |
||
| 245 | _aDakshina kannada Jilleya anki amshagala nota | ||
| 260 |
_aMangalore _bD.K.Z.P |
||
| 300 | _a50p | ||
| 650 |
_aKannada _9229976 |
||
| 942 |
_2ddc _cBED |
||
| 999 |
_c238551 _d238551 |
||